Fundamentals of Data Structures in C_2nd Edition (Record no. 38058)
[ view plain ]
| 000 -LEADER | |
|---|---|
| fixed length control field | 01354nam a22002057a 4500 |
| 020 ## - INTERNATIONAL STANDARD BOOK NUMBER | |
| ISBN | 978-8173716058 |
| 082 ## - DEWEY DECIMAL CLASSIFICATION NUMBER | |
| Classification number | 005.73 HOR |
| 100 ## - MAIN ENTRY--AUTHOR NAME | |
| Personal name | Ellis Horowitz |
| 100 ## - MAIN ENTRY--AUTHOR NAME | |
| Personal name | Sartaj Sahni |
| 100 ## - MAIN ENTRY--AUTHOR NAME | |
| Personal name | Susan Anderson-Freed |
| 245 ## - TITLE STATEMENT | |
| Title | Fundamentals of Data Structures in C_2nd Edition |
| 250 ## - EDITION STATEMENT | |
| Edition statement | 2 |
| 260 ## - PUBLICATION, DISTRIBUTION, ETC. (IMPRINT) | |
| Name of publisher | Universities Press |
| Place of publication | Telangana |
| Year of publication | 2023 |
| 300 ## - PHYSICAL DESCRIPTION | |
| Number of Pages | 664 |
| Other physical details | Item Weight β : β 920 g Dimensions β : β 20.3 x 25.4 x 4.7 cm |
| 520 ## - SUMMARY, ETC. | |
| Summary, etc | This new edition provides a comprehensive and technically rigorous introduction to data structures such as arrays, stacks, queues, linked lists, trees and graphs and techniques such as sorting hashing that form the basis of all software. In addition, this text presents advanced or specialized data structures such as priority queues, efficient binary search trees, multiway search trees and digital search structures. The book now discusses topics such as weight biased leftist trees, pairing heaps, symmetric minβmax heaps, interval heaps, top-down splay trees, B+ trees and suffix trees. Red-black trees have been made more accessible. The section on multiway tries has been significantly expanded and discusses several trie variations and their application to Internet packet forwarding. |
| 650 ## - SUBJECT ADDED ENTRY--TOPICAL TERM | |
| Topical Term | CSE |
| 942 ## - ADDED ENTRY ELEMENTS (KOHA) | |
| Koha item type | Text Book |
| 952 ## - LOCATION AND ITEM INFORMATION (KOHA) | |
| Damaged status | |
| Not for loan | |
| Withdrawn status | Collection code | Permanent Location | Current Location | Shelving location | Date acquired | Source of acquisition | Cost, normal purchase price | Inventory number | Full call number | Accession Number | Price effective from | Koha item type |
|---|---|---|---|---|---|---|---|---|---|---|---|---|
| Computer Science and Engineering | VAST Central Library | VAST Central Library | S-21/CS | 14/11/2025 | Minerva Books | 850.00 | 86 | 005.73 HOR | 38168 | 01/12/2025 | Text Book |